000 00941cam a2200241 4500
001 WB3832-04
008 020903n2002 000 0 eng u
035 _a(Sirsi) u119547
245 _aHSE launches construction safety website
260 _c2002
490 _aRICS Project Management Faculty News
_v 29 August 2002 (1)
520 _aThe Health and Safety Executive (HSE) has launched new guidance relating to health and safety on the Working Well Together (WWT) website. The guidance is aimed at both large and small construction firms and includes the essential health and safety toolkit for the small contractor. WWT website http://www.wwt.uk.com
590 _aWB
650 _aHSE
650 _aGUIDANCE
650 _aHEALTH AND SAFETY
_96244
650 _aCONSTRUCTION INDUSTRY
650 _aCONSTRUCTION FIRMS
650 _aCONTRACTORS
650 _aWORKING WELL TOGETHER
690 _aBUILT ENVIRONMENT
942 _n0
999 _c71075
_d71075